000
00335nam a2200145Ia 4500
008
230917s9999||||xx |||||||||||||| ||und||
040
_e
248100
_a
MAIN
041
_a
English
082
_a
658.3 P887H
100
_a
Prativindhya
245
0
_a
Human resource development practices
260
_c
2013
300
_a
70 p.
942
_c
TH
999
_c
127472
_d
127472